DIFFERENTLY ABLED CHILDREN (Record no. 33488)

MARC details
000 -LEADER
fixed length control field 00293nam a22001337a 4500
003 - CONTROL NUMBER IDENTIFIER
control field SGT
020 ## - INTERNATIONAL STANDARD BOOK NUMBER
International Standard Book Number 9788171327645
082 ## - DEWEY DECIMAL CLASSIFICATION NUMBER
Classification number 371.9,GOE
100 ## - MAIN ENTRY--PERSONAL NAME
Personal name GOEL, SUSHIL KUMAR
245 ## - TITLE STATEMENT
Title DIFFERENTLY ABLED CHILDREN
260 ## - PUBLICATION, DISTRIBUTION, ETC. (IMPRINT)
Place of publication, distribution, etc JAIPUR
Name of publisher, distributor, etc POINTER PUB.
Year of Publication 2013
300 ## - PAGE DESCRIPTION
No. of Pages 196
942 ## - ADDED ENTRY ELEMENTS (KOHA)
Source of classification or shelving scheme Dewey Decimal Classification
Koha item type Books
Holdings
Withdrawn status Lost status Source of classification or shelving scheme Damaged status Use restrictions Not for loan Collection code Home library Current library Shelving location Date acquired Vendor Name Cost, normal purchase price SGTU Bill Number Full call number Accession No. (Barcode) Date last seen Bill Date Koha item type Total Checkouts
    Dewey Decimal Classification   Restricted Access Not For Loan EDUCATION SGT Engineering Library SGT Engineering Library Reference Book 23/01/2026 BRIJWASI BOOK DISTRIBUTORS 750.00 SGTU IN/BW/000365 371.9,GOE ED5460 23/01/2026 20/12/2025 Books  
    Dewey Decimal Classification       EDUCATION SGT Engineering Library SGT Engineering Library Text Book 23/01/2026 BRIJWASI BOOK DISTRIBUTORS 750.00 SGTU IN/BW/000365 371.9,GOE ED5461 23/01/2026 20/12/2025 Books  
    Dewey Decimal Classification       EDUCATION SGT Engineering Library SGT Engineering Library Text Book 23/01/2026 BRIJWASI BOOK DISTRIBUTORS 750.00 SGTU IN/BW/000365 371.9,GOE ED5462 23/01/2026 20/12/2025 Books